000 00605nam a2200193Ia 4500
003 GCL
005 20240530104407.0
008 140319s9999 xx 000 0 ara d
040 _aGCL /
_cGCL
082 0 4 _a950.42
_bر ا
100 1 _aرومين، جول
245 1 0 _aاسيا المعاصرة :
_bاصداء الثورة /
_cرومين، جول
300 _a127 ص؛
_c20 سم
490 _aكتاب التحرير السياسى
_v5
650 0 4 _aحركات التحرير
650 0 4 _aاسيا - تاريخ - العصر الحديث
700 1 _aنجيب سوس
_eمترجم
942 _2ddc
_cBK
999 _c47204
_d47204